Sammlung seltener klinischer Fälle X
Uložené v:
| Ďalší autori: | , |
|---|---|
| Médium: | Kniha |
| Jazyk: | German |
| Vydané: |
Leipzig :
G. Thieme,
1955.
|
| Vydanie: | 1. Aufl. |
| ISBN: |
(brož.) |
| Fyzický popis: |
142 s. |
| Tagy: |
Pridať tag
Žiadne tagy, Buďte prvý kto otaguje tento záznam!
|
Titul je dostupný aj v ... 

MARC
| LEADER | 00000nam a22000001a 4500 | ||
|---|---|---|---|
| 001 | 000486607 | ||
| 005 | 20150725123858.0 | ||
| 008 | 031205 1955 gw e ger d | ||
| 020 | |a (brož.) |c Kčs 36,72 | ||
| 040 | |a SVKKK |b slo |c SVKKK |e AACR2 | ||
| 041 | 0 | |a ger | |
| 044 | |a gw |c DE | ||
| 245 | 0 | 0 | |a Sammlung seltener klinischer Fälle |n X |c Theodor Brugsch, Herbert Brugsch. |
| 250 | |a 1. Aufl. | ||
| 260 | |a Leipzig : |b G. Thieme, |c 1955. | ||
| 300 | |a 142 s. | ||
| 700 | 1 | |a Brugsch, Theodor |4 com | |
| 700 | 1 | |a Brugsch, Herbert |4 com | |
| 910 | |a svkkk | ||
| 998 | |a BK | ||
| 090 | |g SCKHL |k Sklad Pribinova 1. posch. |a IV.10483 |j 117931 |i 486607-10 |s Prezenčne | ||